CS:GO/CS2 Major Teams - Statistics

General Stats
  • This quiz has been taken 38 times
  • The average score is 251 of 368
Answer Stats
Place Country\Region Team % Correct
9-11th France Vitality
100%
5-8th France Vitality
100%
5-8th France Vitality
100%
9-11th France Vitality
100%
12-14th Europe Vitality
100%
1st Europe Vitality
100%
3-4th Europe Vitality
100%
5-8th Europe Vitality
100%
1st Europe Vitality
100%
1st Europe Vitality
100%
9-12th Europe FaZe
94%
9-12th Europe FaZe
94%
5-8th Europe FaZe
94%
15-16th Europe FaZe
94%
2nd Europe FaZe
94%
5-8th Europe FaZe
94%
5-8th Europe FaZe
94%
12-14th Europe FaZe
94%
9-11th Europe FaZe
94%
1st Europe FaZe
94%
15-16th Europe FaZe
94%
5-8th Europe FaZe
94%
2nd Europe FaZe
94%
2nd Europe FaZe
94%
5-8th Europe FaZe
94%
2nd Europe FaZe
94%
13-16th CIS Natus Vincere
94%
13-16th CIS Natus Vincere
94%
5-8th CIS Natus Vincere
94%
3-4th CIS Natus Vincere
94%
5-8th CIS Natus Vincere
94%
5-8th Europe Natus Vincere
94%
2nd Europe Natus Vincere
94%
2nd Europe Natus Vincere
94%
5-8th Europe Natus Vincere
94%
5-8th Europe Natus Vincere
94%
12-14th Europe Natus Vincere
94%
3-4th CIS Natus Vincere
94%
2nd CIS Natus Vincere
94%
3-4th CIS Natus Vincere
94%
5-8th CIS Natus Vincere
94%
1st CIS Natus Vincere
94%
2nd CIS Natus Vincere
94%
5-8th CIS Natus Vincere
94%
9-11th CIS Natus Vincere
94%
1st Europe Natus Vincere
94%
9-11th Europe Natus Vincere
94%
5-8th Europe Natus Vincere
94%
3-4th Europe Natus Vincere
94%
2nd Sweden Ninjas in Pyjamas
91%
2nd Sweden Ninjas in Pyjamas
91%
1st Sweden Ninjas in Pyjamas
91%
2nd Sweden Ninjas in Pyjamas
91%
2nd Sweden Ninjas in Pyjamas
91%
5-8th Sweden Ninjas in Pyjamas
91%
3-4th Sweden Ninjas in Pyjamas
91%
5-8th Sweden Ninjas in Pyjamas
91%
9-12th Sweden Ninjas in Pyjamas
91%
9-11th Sweden Ninjas in Pyjamas
91%
5-8th Sweden Ninjas in Pyjamas
91%
15-16th Sweden Ninjas in Pyjamas
91%
5-8th Sweden Ninjas in Pyjamas
91%
5-8th Sweden Ninjas in Pyjamas
91%
15-16th Sweden Ninjas in Pyjamas
91%
9-11th Europe Ninjas in Pyjamas
91%
3-4th Denmark Astralis
88%
5-8th Denmark Astralis
88%
1st Denmark Astralis
88%
3-4th Denmark Astralis
88%
12-14th Denmark Astralis
88%
1st Denmark Astralis
88%
1st Denmark Astralis
88%
1st Denmark Astralis
88%
12-14th Denmark Astralis
88%
5-8th Brazil FURIA
88%
5-8th Brazil FURIA
88%
3-4th Brazil FURIA
88%
15-16th Brazil FURIA
88%
15-16th Brazil FURIA
88%
9-11th Brazil FURIA
88%
5-8th Brazil FURIA
88%
5-8th Brazil FURIA
88%
13-16th United States Liquid
88%
3-4th United States Liquid
88%
2nd United States Liquid
88%
9-11th United States Liquid
88%
12-14th United States Liquid
88%
3-4th North America Liquid
88%
5-8th United States Liquid
88%
5-8th United States Liquid
88%
12-14th United States Liquid
88%
15-16th United States Liquid
88%
9-11th United States Liquid
88%
5-8th United States Liquid
88%
5-8th United States Liquid
88%
15-16th United States Liquid
88%
15-16th United States Liquid
88%
3-4th CIS Spirit
88%
5-8th CIS Spirit
88%
5-8th CIS Spirit
88%
1st CIS Spirit
88%
5-8th CIS Spirit
88%
3-4th CIS Spirit
88%
3-4th Europe G2
84%
9-12th France G2
84%
13-16th France G2
84%
12-14th France G2
84%
9-11th France G2
84%
5-8th France G2
84%
9-11th France G2
84%
12-14th France G2
84%
9-11th France G2
84%
2nd Europe G2
84%
9-11th Europe G2
84%
12-14th Europe G2
84%
3-4th Europe G2
84%
3-4th Europe G2
84%
9-11th Europe G2
84%
9-11th Europe G2
84%
15-16th Mongolia The MongolZ
84%
5-8th Mongolia The MongolZ
84%
2nd Mongolia The MongolZ
84%
5-8th Mongolia The MongolZ
84%
1st Poland Virtus.pro
84%
5-8th Poland Virtus.pro
84%
3-4th Poland Virtus.pro
84%
3-4th Poland Virtus.pro
84%
3-4th Poland Virtus.pro
84%
5-8th Poland Virtus.pro
84%
5-8th Poland Virtus.pro
84%
3-4th Poland Virtus.pro
84%
2nd Poland Virtus.pro
84%
3-4th Poland Virtus.pro
84%
15-16th Poland Virtus.pro
84%
5-8th Europe Virtus.pro
84%
9-11th CIS Virtus.pro
84%
9-11th CIS Virtus.pro
84%
5-8th United States Cloud9
81%
9-12th United States Cloud9
81%
9-12th United States Cloud9
81%
9-12th United States Cloud9
81%
9-12th United States Cloud9
81%
13-16th United States Cloud9
81%
9-11th United States Cloud9
81%
1st United States Cloud9
81%
12-14th United States Cloud9
81%
9-11th United States Cloud9
81%
12-14th United States Cloud9
81%
5-8th CIS Cloud9
81%
5-8th CIS Cloud9
81%
5-8th Brazil Luminosity
81%
5-8th Brazil Luminosity
81%
1st Brazil Luminosity
81%
13-16th Germany MOUZ
81%
13-16th Germany MOUZ
81%
9-12th Germany MOUZ
81%
9-12th Germany MOUZ
81%
9-12th Germany MOUZ
81%
12-14th Europe MOUZ
81%
12-14th Europe MOUZ
81%
5-8th Europe MOUZ
81%
15-16th Europe MOUZ
81%
9-11th Europe MOUZ
81%
12-14th Europe MOUZ
81%
3-4th Europe MOUZ
81%
5-8th Europe MOUZ
81%
3-4th Europe MOUZ
81%
3-4th Europe MOUZ
81%
5-8th Europe MOUZ
81%
12-14th Turkey Aurora
78%
1st Sweden fnatic
78%
5-8th Sweden fnatic
78%
2nd Sweden fnatic
78%
5-8th Sweden fnatic
78%
1st Sweden fnatic
78%
1st Sweden fnatic
78%
5-8th Sweden fnatic
78%
5-8th Sweden fnatic
78%
3-4th Sweden fnatic
78%
3-4th Sweden fnatic
78%
5-8th Sweden fnatic
78%
5-8th Sweden fnatic
78%
9-11th Sweden fnatic
78%
5-8th Europe fnatic
78%
9-11th Europe fnatic
78%
5-8th Germany BIG
75%
12-14th Germany BIG
75%
5-8th Germany BIG
75%
15-16th Germany BIG
75%
12-14th Germany BIG
75%
9-11th Germany BIG
75%
15-16th Germany BIG
75%
2nd Finland ENCE
75%
5-8th Finland ENCE
75%
15-16th Europe ENCE
75%
3-4th Europe ENCE
75%
9-11th Europe ENCE
75%
12-14th Europe ENCE
75%
9-12th CIS Gambit
75%
5-8th CIS Gambit
75%
5-8th CIS Gambit
75%
1st CIS Gambit
75%
9-11th CIS Gambit
75%
3-4th CIS Gambit
75%
2nd Europe GamerLegion
75%
12-14th Europe GamerLegion
75%
5-8th France LDLC
75%
3-4th France LDLC
75%
1st France LDLC
75%
3-4th France Envy
72%
2nd France Envy
72%
1st France Envy
72%
13-16th France Envy
72%
13-16th France Envy
72%
9-11th France Envy
72%
5-8th Europe Falcons
72%
12-14th Europe Outsiders
72%
1st CIS Outsiders
72%
9-12th Denmark 3DMAX
69%
13-16th Finland 3DMAX
69%
12-14th France 3DMAX
69%
12-14th France 3DMAX
69%
12-14th France 3DMAX
69%
3-4th Denmark HEROIC
69%
5-8th Denmark HEROIC
69%
2nd Denmark HEROIC
69%
3-4th Denmark HEROIC
69%
12-14th Denmark HEROIC
69%
5-8th Europe HEROIC
69%
3-4th Brazil MIBR
69%
3-4th Brazil MIBR
69%
12-14th Brazil MIBR
69%
9-11th Brazil MIBR
69%
1st Brazil SK
69%
3-4th Brazil SK
69%
5-8th Brazil SK
69%
3-4th Brazil SK
69%
13-16th Sweden SK Gaming
69%
12-14th China TYLOO
69%
5-8th Turkey Eternal Fire
66%
9-11th Brazil Legacy
66%
15-16th CIS PARIVISION
66%
9-11th CIS AVANGAR
63%
2nd CIS AVANGAR
63%
9-11th Brazil paiN
63%
12-14th Brazil paiN
63%
3-4th Brazil paiN
63%
12-14th Brazil paiN
63%
9-12th Australia Renegades
63%
5-8th Australia Renegades
63%
3-4th Australia Renegades
63%
3-4th Europe Apeks
59%
15-16th United States NRG
59%
3-4th United States NRG
59%
9-11th CIS B8
56%
12-14th China Lynn Vision
56%
15-16th Kosovo Bad News Eagles
53%
12-14th Kosovo Bad News Eagles
53%
12-14th Kosovo Bad News Eagles
53%
9-12th France Titan
53%
9-12th France Titan
53%
13-16th France Titan
53%
13-16th France Titan
53%
9-12th France Titan
53%
3-4th United States Complexity
50%
5-8th United States Complexity
50%
5-8th North America Complexity
50%
12-14th North America Complexity
50%
9-11th United States Complexity
50%
5-8th Europe HellRaisers
50%
9-12th Europe HellRaisers
50%
5-8th CIS HellRaisers
50%
13-16th CIS HellRaisers
50%
15-16th Europe HellRaisers
50%
5-8th Europe HellRaisers
50%
12-14th Europe HellRaisers
50%
2nd Brazil Immortals
50%
5-8th Europe Into the Breach
50%
5-8th CIS Monte
50%
5-8th Denmark North
50%
5-8th Denmark North
50%
15-16th Denmark North
50%
12-14th Denmark North
50%
5-8th Denmark TSM
50%
3-4th Denmark TSM
50%
5-8th Denmark TSM
50%
15-16th Poland 9INE
47%
3-4th Denmark Dignitas
47%
3-4th Denmark Dignitas
47%
5-8th Denmark Dignitas
47%
13-16th Denmark Dignitas
47%
9-12th Denmark Dignitas
47%
13-16th United States iBUYPOWER
47%
13-16th United States iBUYPOWER
47%
9-12th United States iBUYPOWER
47%
9-12th United States iBUYPOWER
47%
9-11th Brazil Imperial
47%
12-14th Brazil Imperial
47%
12-14th Brazil Imperial
47%
9-12th Sweden FlipSid3
44%
13-16th CIS FlipSid3
44%
9-12th CIS FlipSid3
44%
13-16th CIS FlipSid3
44%
13-16th CIS FlipSid3
44%
5-8th CIS FlipSid3
44%
15-16th CIS FlipSid3
44%
9-11th CIS FlipSid3
44%
13-16th Canada OpTic
44%
12-14th North America OpTic
44%
9-11th Denmark Copenhagen Flames
41%
5-8th Denmark Copenhagen Flames
41%
15-16th North America Evil Geniuses
38%
9-11th Turkey Space Soldiers
38%
3-4th France VeryGames
38%
15-16th North America Wildcard
38%
5-8th Denmark Copenhagen Wolves
34%
9-12th Denmark Copenhagen Wolves
34%
13-16th Denmark Copenhagen Wolves
34%
12-14th Denmark ECSTATIC
34%
5-8th Europe Kinguin
34%
13-16th South Africa Bravado
31%
15-16th CIS Nemiga
31%
9-11th CIS Passion UA
31%
9-12th United States CLG
28%
9-12th United States CLG
28%
9-12th United States CLG
28%
5-8th United States CLG
28%
13-16th United States CLG
28%
9-11th Sweden GODSENT
28%
12-14th Denmark Sprout
28%
13-16th Australia Vox Eminor
28%
13-16th Australia Vox Eminor
28%
9-12th Australia Vox Eminor
28%
5-8th CIS Astana Dragons
25%
9-12th Poland ESC
25%
5-8th Sweden LGB
25%
3-4th Sweden LGB
25%
9-12th Norway LGB
25%
5-8th Germany PENTA
25%
5-8th Germany PENTA
25%
12-14th Europe PENTA
25%
9-12th France Clan-Mystik
22%
9-12th France Clan-Mystik
22%
9-11th Europe CR4ZY
22%
5-8th Brazil Keyd Stars
22%
13-16th Norway London Conspiracy
22%
13-16th United States Splyce
22%
15-16th CIS Winstrike
22%
13-16th Poland eBettle
19%
9-11th CIS Entropiq
19%
5-8th France Epsilon
19%
13-16th Australia Immunity
19%
9-12th Denmark n!faculty
19%
13-16th Germany Planetkey
19%
5-8th CIS Quantum Bellator Fire
19%
9-12th Denmark Reason
19%
9-12th Denmark Reason
19%
9-12th Poland Universal Soldiers
19%
15-16th CIS DreamEaters
16%
15-16th CIS Vega Squadron
16%
9-11th CIS Vega Squadron
16%
12-14th CIS Vega Squadron
16%
13-16th CIS dAT
13%
5-8th France Recursive
13%
13-16th Europe Xapso
13%
13-16th Denmark myXMG
9%
13-16th Poland Vexed
9%
13-16th India Wolves
9%
No matching quizzes found
Score Distribution
Percent of People with Each Score
Percentile by Number Answered
Your Score History
You have not taken this quiz